| 000 | 00472cam a2200193ua 4500 | ||
|---|---|---|---|
| 001 | 594 | ||
| 008 | 110409n ii |||gr||||Z||||||eng | ||
| 020 | _a81-7099-079-3 | ||
| 040 | _cMAIN | ||
| 082 | _a327.54 | ||
| 245 | 1 |
_aIndia`s nuclear policy _cby Mohammed B. Alam |
|
| 250 | _a1st. | ||
| 260 |
_aDelhi: _bMittal,988. |
||
| 300 |
_a93p: _c5cm. |
||
| 653 | _aPolitical science | ||
| 653 | _aIndia`s nuclear policy | ||
| 700 |
_aAlam, Mohammed B., _eAuthor. |
||
| 942 | _cBK | ||
| 999 |
_c527 _d527 |
||